| 000 | 00000nam##2200000za#4500 |
| 001 | 9.695859 |
| 003 | CaOODSP |
| 005 | 20250319160744 |
| 007 | cr ||||||||||| |
| 008 | 150407|2000||||xxc|||||o f|0| 0 eng|d |
| 040 | |aCaOODSP|beng |
| 043 | |an-cn--- |
| 086 | 1 |aH39-532/2000E-PDF |
| 110 | 1 |aCanada.|bHealth Canada. |bChildhood and Youth Division. |
| 245 | 10|aChildren making a community whole : |h[electronic resource]|ba review of Aboriginal Head Start in urban and northern communities |
| 246 | 1 |iAt head of title : |aAboriginal Head Start Initiative |
| 260 | |aOttawa - Ontario : |bHealth Canada. |cc2000. |
| 300 | |a35p.|bcoloured figs., graphs, photographs |
| 500 | |a"Aboriginal Head Start Initiative"--p.1 of 35. The catalogue number (H39-532/2000E) and ISBN (0-662-28908-0)and for the print edition have been incorrectly copied in this electronic publication. |
| 590 | |a12-08-Supp|b2012-03-16 |
| 690 | 07|aIndigenous youth|2gcpds |
| 690 | 07|aPreschool education|2gcpds |
| 775 | 08|tLes enfants, source de santé et d'unité pour la collectivité : |w(CaOODSP)9.639979 |
| 856 | 40|ahttp://publications.gc.ca|qPDF|s1.35 MB|uhttps://publications.gc.ca/collections/Collection/H39-532-2000E.pdf |